Napoléon et les femmes. L'amour

Đã lưu trong:
Chi tiết về thư mục
Tác giả chính: Masson, Frédéric (autor)
Định dạng: Sách
Ngôn ngữ:Tiếng Pháp
Được phát hành: París Société d'Editions Littéraires et Artistiques 1907
Phiên bản:27a. ed
Những chủ đề:
Các nhãn: Thêm thẻ
Không có thẻ, Là người đầu tiên thẻ bản ghi này!

MARC

LEADER 00000nam a2200000 a 4500
001 UCJ7022
003 CL-VaPUC
008 070124e19070000FR |||||||||||||||||fre|d
082 0 4 |a 944  |b MAS  |2 21 
100 |a Masson, Frédéric  |e autor  |9 578035 
245 1 0 |a Napoléon et les femmes. L'amour 
250 |a 27a. ed 
300 |a xxxii, 326 p 
942 |c BK 
945 |d 20070124 00:00:00  |a rinostro 
260 |a París  |b Société d'Editions Littéraires et Artistiques  |c 1907 
500 |a Ubicado en sala 1-23, estante 22 
600 0 7 |a BEAUHARNAIS, JOSEFINA DE  |2 CL-VaPUC  |9 514857 
600 0 |a Bonaparte, Napoleón   |9 317802 
650 7 |a BIOGRAFIA  |2 CL-VaPUC  |9 504622 
650 0 |a Mujeres  |9 257649 
650 0 |a Revolución francesa  |9 324244 
650 7 |a DOCUMENTOS  |2 CL-VaPUC  |9 366450 
650 0 |a Correspondencia  |9 258963 
650 7 |a MARCA TIPOGRAFICA  |2 CL-VaPUC  |9 506100 
583 |a last modification  |c 20070124 00:00:00  |k Rodrigo Vera 
999 |c 323124  |d 323122 
952 |0 0  |1 0  |4 0  |6 944_000000000000000_MAS_1907  |7 0  |8 X  |9 402440  |a FDOBUD  |b FDOBUD  |d 2019-11-22  |i 1056824  |o 944 MAS 1907  |p 1056824  |r 2019-11-22  |w 2019-11-22  |y BK_X  |k BUD